000
00304nam a22001457a 4500
008
210506b ||||| |||| 00| 0 eng d
020
_a
9780679402565
041
_a
eng
080
_a
7
082
_a
7
100
_a
44
101
_a
ART
245
_a
Rembrandt's Eyes
_c
Simon Schama
942
_2
udc
_c
BK
999
_c
57084
_d
57084